LEADER 01297nam2 22002653i 450 001 VAN00076308 005 20240806100609.420 010 $a88-348-3304-X 100 $a20100722d2009 |0itac50 ba 101 $aita 102 $aIT 105 $a|||| ||||| 200 1 $aˆ4: L'‰esecuzione forzata. I procedimenti sommari, cautelari e possesori. Il nuovo procedimento sommario cognitorio. La giurisdizione volontaria$fCrisanto Mandrioli 210 $aTorino$cGiappichelli$d2009 215 $a463 p.$d24 cm. 461 1$1001VAN00076298$12001 $aDiritto processuale civile$fCrisanto Mandrioli$1205 $a20. ed$1210 $aTorino$cGiappichelli$d2009$1215 $a4 vol.$d24 cm.$v4 620 $dTorino$3VANL000001 700 1$aMandrioli$bCrisanto$3VANV002578$0227204 712 $aGiappichelli $3VANV107921$4650 801 $aIT$bSOL$c20260320$gRICA 899 $aBIBLIOTECA DEL DIPARTIMENTO DI GIURISPRUDENZA$1IT-CE0105$2VAN00 912 $aVAN00076308 950 $aBIBLIOTECA DEL DIPARTIMENTO DI GIURISPRUDENZA$d00CONS XVI.Ea.115 (4) $e00BFG3074 20100722 996 $aEsecuzione forzata. I procedimenti sommari, cautelari e possesori. Il nuovo procedimento sommario cognitorio. La giurisdizione volontaria$91436078 997 $aUNICAMPANIA